000 00410nam a2200145Ia 4500
008 230917s9999||||xx |||||||||||||| ||und||
040 _e80252
_aMAIN
041 _aEnglish
082 _a346.086 S34P
100 _aSrinivasan, M N
245 0 _aCase books of insurance law: cases from 1950 onwards life-fire-marine motor and accident
260 _aBangalore
_bRamanuja
_c1989
300 _a203 p.
942 _cBK
999 _c65835
_d65835